000 00500nam a22001817a 4500
005 20251108170021.0
008 250721s1966 xx 000 0 ara d
082 1 4 _aق/محم
100 1 _aتيمور، محمود
245 1 0 _aأبو الشوارب و قصص أخرى /
250 _aط2
264 1 _aالقاهره :
_bمكتبة الآداب،
_c1966.
300 _a188ص
650 1 7 _aالأدب العربي
650 1 7 _aالقصص العربيه
942 _2ddc
_cBK
999 _c37506
_d37506